| 000 | 00477nam a22001817a 4500 | ||
|---|---|---|---|
| 003 | CEME | ||
| 005 | 20210628203852.0 | ||
| 008 | 210317b xxu||||| |||| 00| 0 eng d | ||
| 020 | _a0-12-382580-6 | ||
| 040 | _c. | ||
| 082 | _a510.212 JEF'H | ||
| 100 |
_aJeffrey, Alan _938997 |
||
| 245 | _aHandbook of mathematical formulas and integrals | ||
| 260 |
_aNEWYORK _bAP _c1995 |
||
| 300 | _a410P | ||
| 650 |
_aMATHEMATICS TABLES MATHEMATICS FORMULAS _967642 |
||
| 942 |
_cBK _2ddc |
||
| 999 |
_c575372 _d575372 |
||